000 00681nam a22001817a 4500
003 UA-OsUOA
001 16488
007 ta
008 20040112b un ||||| |||| 00| 0 ukr d
100 _aТоргун Ю.
942 _cSA
040 _aUA-OsUOA
_cUA-OsUOA
_dUA-OsUOA
245 _aТзОВ "Екотерм"
_b[Інтерв'ю ген. дир. ТзОВ "Екотерм" , яке займається вир-вом піностирольних плит, Ю.Торгуна]/ Інтерв'ю взяв Є.Цимбалюк
300 _aС.3
955 _a0
773 0 _w0
_tСім днів
_dРівне
_d2003
_g№49/5 груд./
650 7 _aЕко Терм
_2UDC
999 _c302653
_d302653